000 00643nam a22002177a 4500
003 OSt
005 20240627114553.0
008 240627b |||||||| |||| 00| 0 eng d
020 _a9781842779132
040 _cMUST
082 _a338.927 LAN 2008
245 _aLand and sustainable development in Africa /
_cedited by Kojo Sebastian Amanor, Sam Mayo
260 _aZed Books
_bLondon
_c2008
300 _axi,226p.:
_c24 cm.
504 _aIncludes bibliographical references and index
650 _aLand
_95855
650 _aDevelopment
_9612
700 _aAmanor, Kojo Sebastian
_918249
700 _aMoyo, Sam
_918250
942 _2ddc
_cO_SHELF
999 _c8994
_d8994